Ενημερωτικό δελτίο
Saved in:
| Corporate Author: | |
|---|---|
| Format: | Book |
| Language: | Greek |
| Published: |
Αθήνα :
Εμπορική Τράπεζα της Ελλάδος,
1999
|
| Subjects: | |
| Tags: |
Add Tag
No Tags, Be the first to tag this record!
|
MARC
| LEADER | 00000cam a2200000 i 4500 | ||
|---|---|---|---|
| 001 | 1/60740 | ||
| 008 | 020409s1999 gre d | ||
| 035 | |l 10000735 | ||
| 040 | |a GR-MY-UA |b gre |e aacr | ||
| 041 | 0 | |a gre | |
| 082 | 0 | |a 332.109495 | |
| 110 | 2 | |a Ελληνική Τράπεζα Βιομηχανικής Ανάπτυξης. | |
| 245 | 1 | 0 | |a Ενημερωτικό δελτίο / |c Ελληνική Τράπεζα Βιομηχανικής Αναπτύξεως Α.Ε. |
| 260 | |a Αθήνα : |b Εμπορική Τράπεζα της Ελλάδος, |c 1999 | ||
| 300 | |a 1 τ. |b πιν. | ||
| 500 | |a Για την προσφορά ... Αθηνών | ||
| 650 | 0 | 0 | |a Banks and banking |z Greece. |
| 852 | |a INST |b CHIOS |e 20020409 |h 332.109495 ΕΛΛ |p 005200020610 |q 005200020610 |t BK |y 0 | ||
| 901 | |a BIBL2-2002-1 | ||
| 909 | |a Χ |b 098391 | ||
| 970 | |a ΣΑΛΑΜΟΥΡΑ |b ΜΑΡΙΑ |z 2002/04/09 | ||